000 00390nam a2200157Ia 4500
003 Ost
005 20260225132547.0
008 260225s9999||||xx |||||||||||||| ||und||
040 _cfsic
041 _afre
082 _a440
100 _aHadj-Nacer Abderrahmane Roustoum
_eAuteur
245 0 _aLes cahiers de la réforme /
245 0 _cHadj-Nacer Abderrahmane Roustoum
942 _cكتاب
999 _c33875
_d33875